| 000 | 00967nam a22002537a 4500 | ||
|---|---|---|---|
| 999 |
_c21541 _d21541 |
||
| 003 | AR-CdUCM | ||
| 008 | 190311b ||||| |||| 00| 0 spa d | ||
| 020 | _a9786124146459 | ||
| 040 |
_aMUNICIPALIDAD PROVINCIAL DEL CUSCO _cBIBLIOTECA MUNICIPAL DEL CUSCO |
||
| 082 |
_a467.985/J24 _bJ24 |
||
| 100 |
_aJara Yupanqui, Margarita _945295 |
||
| 245 |
_aEl perfecto en el español de Lima : _bvariación y cambio en situación de contacto lingüístico / _cMargarita Jara Yupanqui |
||
| 260 |
_aLima : _bPontificia Universidad Católica del Perú, _c2013. |
||
| 300 |
_a187 páginas. : _bdiagramas ; _c21 cm. |
||
| 500 | _zBibliografía: p. [171]-187. | ||
| 650 |
_aLengua española _91124 |
||
| 650 |
_aVerbo _916661 |
||
| 650 |
_aSociolingüística _910901 |
||
| 650 |
_aCambio lingüístico _945296 |
||
| 650 |
_aAnálisis lingüístico (Lingüística) _945297 |
||
| 710 |
_aPontificia Universidad Católica del Perú _9400 |
||
| 942 |
_2ddc _cLIBROS |
||
| 945 | _aRoel | ||